Technical communication : process and product (Record no. 11594)

000 -LEADER
fixed length control field 01095cam a2200325 a 4500
001 - CONTROL NUMBER
control field 16677398
005 - DATE AND TIME OF LATEST TRANSACTION
control field 20170105102343.0
008 - FIXED-LENGTH DATA ELEMENTS--GENERAL INFORMATION
fixed length control field 110304s2012 maua b 001 0 eng
010 ## - LIBRARY OF CONGRESS CONTROL NUMBER
LC control number 2010525621
020 ## - INTERNATIONAL STANDARD BOOK NUMBER
International Standard Book Number 9780131377349 (pbk.)
020 ## - INTERNATIONAL STANDARD BOOK NUMBER
International Standard Book Number 0131377345 (pbk.)
035 ## - SYSTEM CONTROL NUMBER
System control number (OCoLC)ocn697528601
040 ## - CATALOGING SOURCE
Original cataloging agency CNO
Transcribing agency CNO
Modifying agency DLC
042 ## - AUTHENTICATION CODE
Authentication code lccopycat
050 00 - LIBRARY OF CONGRESS CALL NUMBER
Classification number PE1475
Item number .G47 2012
082 ## - DEWEY DECIMAL CLASSIFICATION NUMBER
Classification number 808.0666
100 1# - MAIN ENTRY--PERSONAL NAME
Personal name Gerson, Sharon J.,
Dates associated with a name 1948-
245 10 - TITLE STATEMENT
Title Technical communication : process and product
Remainder of title process and product
Statement of responsibility, etc. Sharon J. Gerson, Steven M. Gerson.
250 ## - EDITION STATEMENT
Edition statement 7th ed.
260 ## - PUBLICATION, DISTRIBUTION, ETC.
Place of publication, distribution, etc. Boston, MA :
Name of publisher, distributor, etc. Prentice Hall,
Date of publication, distribution, etc. c2012.
300 ## - PHYSICAL DESCRIPTION
Extent xxix, 663 p. :
Other physical details ill. ;
Dimensions 26 cm.
504 ## - BIBLIOGRAPHY, ETC. NOTE
Bibliography, etc. note Includes bibliographical references (p. 651-657) and index.
650 #0 - SUBJECT ADDED ENTRY--TOPICAL TERM
Topical term or geographic name entry element English language
General subdivision Technical English.
650 #0 - SUBJECT ADDED ENTRY--TOPICAL TERM
Topical term or geographic name entry element English language
General subdivision Rhetoric.
650 #0 - SUBJECT ADDED ENTRY--TOPICAL TERM
Topical term or geographic name entry element Technical writing.
700 1# - ADDED ENTRY--PERSONAL NAME
Personal name Gerson, Steven M.,
Dates associated with a name 1948-
906 ## - LOCAL DATA ELEMENT F, LDF (RLIN)
a 7
b cbc
c copycat
d 2
e ncip
f 20
g y-gencatlg
942 ## - ADDED ENTRY ELEMENTS (KOHA)
Source of classification or shelving scheme
Koha item type Book
Holdings
Withdrawn status Lost status Damaged status Not for loan Collection code Permanent Location Current Location Shelving location Date acquired Source of acquisition Cost, normal purchase price Total Checkouts Full call number Barcode Date last seen Date last checked out Price effective from Koha item type Total Renewals
          Central Library (CL) Central Library (CL) General Stacks 02/27/2013 Progressive International Agencies 8886.44 1 808.0666 GER SEECS012061 01/07/2023 01/06/2023 03/04/2013 Book  
          Central Library (CL) Central Library (CL) General Stacks 02/27/2013 Progressive International Agencies 8886.44   808.0666 GER SEECS012062 12/27/2021   03/04/2013 Book  
          Central Library (CL) Central Library (CL) General Stacks 02/27/2013 Progressive International Agencies 8886.44 4 808.0666 GER SEECS012063 01/20/2023 08/11/2022 03/04/2013 Book 5
          Central Library (CL) Central Library (CL) General Stacks 02/27/2013 Progressive International Agencies 8886.44 3 808.0666 GER SEECS012064 06/05/2023 10/12/2021 03/04/2013 Book 3
          Central Library (CL) Central Library (CL) General Stacks 02/27/2013 Progressive International Agencies 8886.44 4 808.0666 GER SEECS012065 09/28/2023 02/25/2021 03/04/2013 Book 1
© 2023 Central Library, National University of Sciences and Technology. All Rights Reserved.